Nechceme byť perifériou

Podrobná bibliografia
Hlavný autor: Kotian, Róbert, 1958- (irv)
Médium: Článok
Jazyk:slovenčina
PhysicalDescription:Fotogr.
ISSN:1335-4426
Predmet:

MARC

LEADER 00000nab a2200000 a 4500
001 vtls008154782
003 SK-MaSNL
005 20260303080537.0
008 160322c2005 xo wr|p|||||||000 b|slo
015 |a SNBRB2005/05  |2 snkbucl 
038 |a SNKBUCL 
040 |a SNKBUCL  |b slo  |c SNKBUCL  |e AACR2 
041 0 |a slo 
044 |a xo  |c SK 
080 |a 930.1-051  |2 UDC-MRF-SK2 
100 1 |a Kotian, Róbert,  |d 1958-  |4 irv  |9 103440 
245 1 0 |a Nechceme byť perifériou  |c Róbert Kotian, Dušan Kováč 
300 |b Fotogr. 
600 1 7 |a Kováč, Dušan,  |d 1942-  |2 snkbucl  |9 88196 
700 1 |a Kováč, Dušan,  |d 1942-  |4 ive  |9 88196 
773 0 |t Domino fórum  |g Roč. XIV, č. 19 (2005), s. 8-9  |x 1335-4426 
852 |a SNK  |b KIS3GCP 
958 |a SK 
958 |a BX 
999 |c 1780903  |d 1782833